000 00358nam a2200145Ia 4500
008 210210b1970 xxu||||| |||| 00| 0 eng d
082 _a380 SHEE
100 _aSHERLEKAR (S A) and others.
245 _aElements of commerce. Rev Ed 5.
250 _a
260 _aAllahabad.
_bKitab mahal
_c1970
300 _avi,262
690 _aCommerce
906 _a028501
999 _c79744
_d79744